[Event "4th NH Chess Tournament"]
[Site "Amsterdam NED"]
[Date "2010.08.12"]
[Round "1"]
[White "Nakamura, Hi"]
[Black "Ljubojevic, L."]
[Result "1-0"]
[WhiteElo "2729"]
[BlackElo "2572"]
[PlyCount "81"]
[EventDate "2010.08.12"]

1. e4 c5 2. Nf3 Nc6 3. d4 cxd4 4. Nxd4 Nf6 5. Nc3 g6 6. Nb3 Bg7 7. Be2 O-O 8.
O-O b6 9. f4 Bb7 10. Bf3 Qc8 11. Be3 Rd8 12. Rf2 d5 13. exd5 e6 14. d6 Nb4 15.
Rd2 Bxf3 16. Qxf3 Nbd5 17. Nxd5 exd5 18. c3 Rxd6 19. a4 Qc4 20. Nd4 Re8 21. Kh1
Rd7 22. Rdd1 Rde7 23. Bg1 a6 24. Qd3 Qc8 25. Nf3 {#} Re4 $6 {Ljubojevic's
first complaint when he walked out of the playing hall was that he never
should have given his pawn on b6. And turning to his opponent, who was walking
next to him: I was better, right? Nakamura didn't agree completely and said
that he wasn't so sure that Black had been better, but once they sat down to
analyze the game he consented, although he believed that it wasn't easy at all
to exploit Black's advantage.} (25... Nh5 26. Qxd5 (26. Bxb6 $2 Re2 27. Qxd5
Nxf4 $17) 26... Nxf4 $15) 26. Bxb6 Rxf4 27. Bg1 Rfe4 28. a5 Bh6 29. Rf1 Qb7 30.
b4 Ng4 {#} 31. b5 $1 {Nakamura finds the best move and also one that gives
Lujubojevic a difficult quandry: how should he take? Though he chose to take
with the queen, a mistake, the answer is that the best move is to actually not
touch the pawn, as unpleasant as b6 looks and is.} Qxb5 $2 (31... Be3 {Despite
the decidedly unpleasant appearance of} 32. b6 {it doesnt lose outright,
whereas taking is clearly worse.} Bxg1 33. Kxg1 $14) (31... axb5 32. a6 Qc6 33.
Nd4 Qc4 34. Qxc4 bxc4 35. a7 Ra8 36. Nc6 Re6 37. Rfb1 Rxc6 38. Rb8+ Rc8 39.
Rxc8+ Rxc8 40. a8=Q $18) 32. Qxb5 axb5 33. Rfb1 Be3 34. Bxe3 Nxe3 35. a6 Kg7
36. Nd4 b4 37. a7 bxc3 38. Rb8 R8e7 39. a8=Q Ng4 40. Nf3 c2 41. h3 1-0

[Event "4th NH Chess Tournament"]
[Site "Amsterdam NED"]
[Date "2010.08.14"]
[Round "3"]
[White "Caruana, F."]
[Black "Svidler, P."]
[Result "1-0"]
[WhiteElo "2697"]
[BlackElo "2734"]
[PlyCount "89"]
[EventDate "2010.08.12"]

1. d4 Nf6 2. c4 g6 3. Nc3 d5 4. cxd5 Nxd5 5. e4 Nxc3 6. bxc3 Bg7 7. Bc4 c5 8.
Ne2 Nc6 9. Be3 O-O 10. O-O Qc7 11. Rc1 Rd8 12. Bf4 Be5 13. Bxe5 Nxe5 14. Bb3
Ng4 15. Ng3 Qf4 {#} 16. Qe1 $1 $146 Nf6 17. e5 Nd5 18. Bxd5 Rxd5 19. c4 Rd8 (
19... Rxd4 20. Ne2) 20. d5 b5 21. Qa5 Bd7 22. Rfe1 Be8 (22... Qd4 23. e6 fxe6
24. Rcd1 $1 Qf6 25. dxe6 {(Caruana)}) 23. cxb5 Rxd5 24. b6 Rd2 25. Ne4 Rb2 26.
Qxc5 Rxb6 27. Qxe7 Bc6 28. Nf6+ Kg7 29. Rf1 h6 30. Rc3 Rab8 31. Qc5 Ra6 32. Qd6
Rbb6 33. Re3 Rxa2 {#} 34. Nh5+ $1 gxh5 35. Rg3+ Qxg3 (35... Kh7 36. Qf8) 36.
Qf6+ Kg8 37. hxg3 Be4 38. Qd8+ Kh7 39. Rc1 Bf5 40. Rc7 Be6 41. Rxa7 Rxa7 42.
Qxb6 Ra4 43. Qb1+ Kg7 44. f4 Ra5 45. Qd1 1-0